000 009090000a22002530004500
003 EG-GICUC
005 20250223030045.0
008 090909s1997 ua dh f m 000 0 eng d
040 _aEG-GiCUC
_beng
_cEG-GiCUC
041 0 _aEng
049 _aDeposite
097 _aPh.D
099 _aCai01.07.03.Ph.D.1997.Ro.U
100 0 _aRoshdy Ibrahim Elkady
245 1 0 _aUtilization of banana wastes by sheep and goats /
_cRoshdy Ibrahim Elkady
246 1 5 _aاستفادة الأغنام والماعز من مخلفات الموز
260 _aCairo :
_bRoshdy Ibrahim Elkady ,
_c1997
300 _a203 Leaves :
_bcharts , facsimiles ;
_c30cm
502 _aThesis(Ph.D.) - Cairo University - Faculty of Agriculture - Department of Animal production ( Nutrition - Breeding )
856 _uhttp://172.23.153.220/th.pdf
905 _aMustafa
_eRevisor
905 _aReda
_eCataloger
942 _2ddc
_cTH
999 _c26515
_d26515